000 00941nam a22003017a 4500
001 9721
003 FISKH
005 20260130115054.0
008 260130b cb ||||| |||| 00| 0 eng d
020 _a9781595155375
040 _aFISKH
_beng
_cFISKH
_dFISKH
050 _aQK49 .J36
082 _a580
100 _aRay James , Ray
245 _aPlant cycle /
_cby Ray James
260 _aVero Beach , Florida :
_bRourke Publishing LLC ,
_c2007 .
300 _a24 pages :
_bcolor illustrations ;
_c20 X 20 cm .
490 _aNature’s Cycle
505 _aJ
520 _aExplains The Cycles Of Plant Life Including Reproduction, Seeds, And Plant Growth.
521 8 _a480
_bLexile
521 8 _aJ
_bRaz-Plus
650 _aPlant life cycles
_vJuvenile Literature
700 _aStengard-Olliges
_eEditor
700 _aStratford , Nocola
_eCover and interior designer
942 _2ddc
_cBK
_n0
999 _c9721
_d9721